000 03382cam a22006734i 4500
001 u53205
003 PE-LiUPU
005 20250731165616.0
008 150706s2013 pe a rb 000 0 spa d
020 _a9786123029616
035 _a(Sirsi) i9786123029616
040 _aPE-LiUPU
_bspa
_cPE-LiUPU
_erda
082 0 4 _a001.42
_bC77
_221
082 0 4 _a001.42
_bC77 2013
100 1 _aCórdova Baldeón, Isaac,
_eautor.
245 1 3 _aEl proyecto de investigación cuantitativa /
_cIsaac Córdova Baldeón.
264 1 _aLima :
_bSan Marcos,
_c2013.
300 _a215 páginas :
_bilustraciones ;
_c24 centímetros
336 _atext
_2rdacontent
337 _aunmediated
_2rdamedia
338 _avolume
_2rdacarrier
500 _aExcelente material para la alfabetización en investigación --en Portada.
504 _aIncluye bibliografía.
505 0 _aInvestigación científica -- Planeamiento del problema -- Aspecto teórico -- Antecedentes de estudio -- Aspecto metodológico -- Tipos de investigación -- Aspectos administrativos -- Recursos humanos -- Aspectos complementarios.
526 _aSEG44
526 _aSEG26
526 _aP151
526 _aP150
526 _aP149
526 _aP146
526 _aP145
526 _aP126
526 _aP125
526 _aP92
526 _aP75
526 _aP74
526 _aP27
526 _aP15
541 _g001-000063;
541 _g001-000063;
541 _g001-000063;
596 _a1 2
650 0 4 _aInvestigación científica.
650 0 4 _aMetodología científica.
_92427
650 0 4 _aProyectos de investigación.
700 1 _aCubas, Alex,
_eeditor.
910 _agl
_cng
_d20131007
942 _2ddc
_cBOOK
994 _aC0
_bPEPRU
949 _a001 C77 2013
_wDEWEY
_c1
_iFT02609
_d2017-3-31
_e2017-3-30
_lCCODEBUT1
_mBUT
_n1
_p{dolar}10.00
_r0
_sY
_tBOOK
_u2015-8-27
_xFCE
_PP08
_0COMPRA
_o.STAFF. Colección General Tarapoto
949 _a001.42 C77
_wDEWEY
_c1
_i68537
_d2018-2-15
_e2016-7-14
_f2018-2-12
_g3
_lCCODEBUL1
_mBUL
_n5
_p14.00
_q1
_r0
_sY
_tBOOK
_u2015-7-6
_xFCE
_PP04
_0COMPRA
_o.STAFF. Colección General
949 _a001.42 C77
_wDEWEY
_c2
_i68538
_d2018-3-20
_e2018-3-15
_f2018-2-12
_g3
_lCCODEBUL1
_mBUL
_n4
_p14.00
_q1
_r0
_sY
_tBOOK
_u2015-7-6
_xFCE
_PP04
_0COMPRA
_o.STAFF. Colección General
949 _a001.42 C77
_wDEWEY
_c3
_i68539
_lLOST
_mBUL
_p14.00
_r1
_sN
_tBOOK
_u2015-7-6
_xFCE
_PP04
_o.STAFF. Colección General
999 _a001.42 C77
_wDEWEY
_c55895
_i68537
_d55895
_e2016-7-14
_f2021-11-4
_g6
_lCCODEBUL1
_mBUL
_n5
_p14.00
_q3
_r0
_sY
_tBOOK
_u2015-7-6
_xBIBLIOTECA
_PP04
_0COMPRA
_o.STAFF. Colección General
999 _a001.42 C77
_wDEWEY
_c2
_i68538
_d2019-11-13
_e2018-3-15
_f2021-11-4
_g6
_lCCODEBUL1
_mBUL
_n4
_p14.00
_q2
_r0
_sY
_tBOOK
_u2015-7-6
_xBIBLIOTECA
_PP04
_0COMPRA
_o.STAFF. Colección General
999 _a001.42 C77
_wDEWEY
_c3
_i68539
_lLOST
_mBUL
_p14.00
_r1
_sN
_tBOOK
_u2015-7-6
_xFCE
_PP04
_o.STAFF. Colección General
999 _a001 C77 2013
_wDEWEY
_c1
_iFT02609
_d2017-3-31
_e2017-3-30
_f2019-2-20
_g2
_lCCODEBUT1
_mBUT
_n1
_p10.00
_r0
_sY
_tBOOK
_u2015-8-27
_xFCE
_PP08
_0COMPRA
_o.STAFF. Colección General Tarapoto
980 _81
_gALBERTO SANCHEZ Responsable de Automatización